000 00681 a2200205 4500
001 216222746
003 UA-OsUOA
005 20220912162505.0
008 220825b un ||||| |||| 00| 0 ukr d
040 _aUA-OsUOA
_bukr
_cUA-OsUOA
_dUA-OsUOA
041 _aukr
080 _a050
090 _a050
245 _aВісник Української Громади Вікторії
_n1987: Ч. 1 (13); 1995: Ч. 1-42; 1995: Ч. 2-45
260 _aМельбурн
650 _2UDC
_a050 Періодика
942 _cMG
_2udc
955 _a0
999 _c573054
_d573054